000 00271nam a2200097Ia 4500
001 1207425
005 20250827022825.0
008 250824s9999 xx 000 0 und d
245 0 _aGENÇLERLE HAYATIN COĞRAFYASINI KEŞFETMEK
_cHALUK DURSUN
260 _bYEDİTEPE YAYINLARI
999 _c1207425
_d1207425